Dear data.

Salvato in:
Dettagli Bibliografici
Autori principali: Lupi, Giorgia (Autore), Posavec, Stefanie (Autore)
Altri autori: Popova, Maria (foreword)
Natura: Sconosciuto
Pubblicazione: New York, USA: Princeton Architectural Press, 2016.
Soggetti:
Tags: Aggiungi Tag
Nessun Tag, puoi essere il primo ad aggiungerne!!

MARC

LEADER 00000 a2200000 4500
003 CL-VaPUC
005 20230620083638.0
008 230609t2016 ||||| |||| 00| 0 eng d
999 |c 440649  |d 440647 
020 |a 9781616895327 
040 |c Pontificia Universidad Católica de Valparaíso 
082 7 |a 001.4226 LUP 2016  |2 22 
100 |a Lupi, Giorgia  |9 881801  |e author 
245 |a Dear data.  
260 |a New York, USA:  |b Princeton Architectural Press,  |c 2016. 
300 |a 285 páginas:  |b  ilustraciones  
583 |k GC  |c 20230609 
650 |a Visualización de información  |9 866864 
650 0 |a Comunicación visual   |9 265349 
700 |a Posavec, Stefanie   |9 882982  |e author 
700 |a Popova, Maria   |e foreword  |9 882985 
942 |2 ddc  |c BK 
952 |0 0  |1 0  |2 ddc  |4 0  |6 001_422600000000000_LUP_2016  |7 0  |8 A  |9 590405  |a BIBCUR  |b BIBCUR  |c GEN  |d 2023-06-07  |e 3  |g 31296.24  |i 5657714  |o 001.4226 LUP 2016  |p 5657714  |r 2025-04-22  |t 1  |v 31296.24  |w 2023-06-07  |y BK  |k PER